La conformación del espacio de vida: acontecer de las actividades productivas y uso de los recursos naturales /
Guardado en:
| Hovedforfatter: | |
|---|---|
| Format: | Texto |
| Tags: |
Tilføj Tag
Ingen Tags, Vær først til at tagge denne postø!
|
MARC
| LEADER | 00000 a a2200000 04500 | ||
|---|---|---|---|
| 001 | 42717 | ||
| 003 | |||
| 040 | |||
| 100 | |a Corrales Guadrón, Ania | ||
| 245 | |a La conformación del espacio de vida: |b acontecer de las actividades productivas y uso de los recursos naturales / |c Ania Corrales Guadrón | ||
| 500 | |a aniacg@gmail.com | ||
| 773 | |g volumen4, número2 ( , 2009), 37 páginas: mapas, fotos | ||
| 999 | |c 27536 |d 27536 | ||
